000
00401nam a22001097a 4500
040
_c
RUA
082
_a
VOL កសក 1995 C160 Or.
100
_a
ក្រសួងសេដ្ឋកិច្ច និងហិរញ្ញវត្ថុ, ក្រសួងពាណិជ្ជកម្ម
245
_a
Asean Documents, ឯកសារអាស៊ាន
260
_a
472p.
_b
ill.
_c
29cm.
942
_c
KB
999
_c
25514
_d
25514